000 00493nam a2200205Ia 4500
003 OSt
005 20140312140718.0
008 140130s9999 xx 000 0 und d
020 _a9780590484145
050 _aQH 541.14
_b.R45 1996
100 _aRelf, Patricia
245 _aGets Eaten /
_cPatricia Relf.
260 _bScholastic,
_c1996.
_aNew York :
300 _a30 p. :
_bcol. ill. ;
_c19 cm.
440 _v1
521 _aG3
526 _c500
942 _cBK
_2lcc
999 _c40540
_d40540